Ser y calcular : el problema de las entidades matemáticas en la fenomenología temprana de Edmund Husserl /

Bibliographic Details
Main Author: Canela Morales, Luis Alberto (Author)
Format: Electronic eBook
Language:Spanish
Published: Bogotá, Colombia : Editorial Aula de Humanidades, 2023.
Edition:Primera edición.
Series:Colección Fenomenología y hermenéutica (Editorial Aula de Humanidades)
Subjects:
Online Access:Digitalia Hispánica

MARC

LEADER 00000nam a2200000Ii 4500
001 DIGAUHUM0102
003 NyNyDIG
006 m o d
007 cr |||||||||||
008 260205s2023 ck ob 001 0 spa d
035 |a (OCoLC)1573181981 
040 |a DGITA  |b eng  |e rda  |e pn  |c DGITA 
020 |a 9789585196971  |q (versión digital) 
020 |z 9789585196964  |q (versión impresa) 
050 1 4 |a QA8.4 ebook 
100 1 |a Canela Morales, Luis Alberto,  |e author. 
245 1 0 |a Ser y calcular :  |b el problema de las entidades matemáticas en la fenomenología temprana de Edmund Husserl /  |c Luis Alberto Canela Morales. 
246 3 0 |a Problema de las entidades matemáticas en la fenomenología temprana de Edmund Husserl 
250 |a Primera edición. 
264 1 |a Bogotá, Colombia :  |b Editorial Aula de Humanidades,  |c 2023. 
300 |a 1 online resource. 
336 |a text  |b txt  |2 rdacontent 
337 |a computer  |b c  |2 rdamedia 
338 |a online resource  |b cr  |2 rdacarrier 
347 |a text file  |2 rdaft 
347 |b PDF 
490 1 |a Colección: Fenomenología y Hermenéutica 
504 |a Includes bibliographical references and index. 
588 0 |a Online resource; title from PDF title page (Digitalia, viewed February 5, 2026) 
600 1 0 |a Husserl, Edmund,  |d 1859-1938  |x Criticism and interpretation. 
650 0 |a Mathematics  |x Philosophy. 
650 0 |a Phenomenology. 
791 2 |a Digitalia (Firm),  |e distributor. 
793 0 |g Digitalia eBook Collection:  |a Editorial Aula de Humanidades 
776 0 8 |i Print version:  |a Canela Morales, Luis Alberto.  |t Ser y calcular.  |b Primera edición.  |d Bogotá, Colombia : Editorial Aula de Humanidades, 2023  |z 9789585196964 
830 0 |a Colección Fenomenología y hermenéutica (Editorial Aula de Humanidades) 
856 4 0 |3 Digitalia Hispánica  |u https://www.digitaliapublishing.com/a/182552/ 
910 |a Premium collection: 2026